| 000 | 02083nam0a2200337 4500 | ||
|---|---|---|---|
| 001 | RU\NLR\BIBL_A\011877849 | ||
| 005 | 20260607083004.0 | ||
| 010 |
_a978-5-904914-31-8 _91000 |
||
| 021 |
_aRU _bКН-П-18-084661 _9КН-П-18-6130 |
||
| 035 | _a(NLR Aleph) 011877849 | ||
| 035 | _a(RuMoRGB)009803519 | ||
| 090 |
_a12235268 _c12235268 |
||
| 100 | _a20181130d2018 u y0rusy50 ca | ||
| 101 | 0 | _arus | |
| 102 | _aRU | ||
| 105 | _aacbhj|||000zy | ||
| 200 | 1 |
_aНидерландские области от батавов и белгов до Бельгийской революции 1830 года _eинновационный учебно-методический комплекс "История" _hмодуль 3.5 _eучебное пособие _e[для старших классов средней школы] _fГАУГН [и др. _gк.ист.н. Майзлиш А. А. и др.] _gответственный редактор Г. А. Шатохина-Мордвинцева |
|
| 210 |
_aМосква _cОбщероссийская общественная организация Ассоциация учителей истории и обществознания [и др.] _d2018 |
||
| 215 |
_a249 с. _cил., цв. ил., портр., карт., факс., табл. _d28 |
||
| 320 | _aБиблиогр.: с. 243-247 | ||
| 607 |
_aНидерланды _jУчебные издания для средней школы _xИстория _91143289 _3RU\NLR\AUTH\66136910 |
||
| 686 | 1 | _aТ3(4Н)я72 | |
| 702 | 1 |
_aМайзлиш _bА. А. _gАнна Александровна _4220 |
|
| 702 | 1 |
_4340 _8rus _7ca _aШатохина-Мордвинцева _bГ. А. _gГалина Алексеевна _3RU\NLR\AUTH\778466 _9118371 |
|
| 712 | 0 | 2 |
_4570 _aГосударственный академический университет гуманитарных наук _cМосква _9770351 _3RU\NLR\AUTH\8810137446 |
| 942 | _cBOOK | ||
| 980 | _aNBR | ||
| 980 | _aNB | ||